LDR 00899naa#a2200265#i#450# 001 EN\\bibl\126659 005 20260701065929.3 011 ## _a2074-9414 100 ## _a20260630b2026####ek#y0engy0150####ca 101 0# _aRUS 102 ## _aRU 200 1# _aStreptococcus thermophilus Strains: Properties and Microbial Consortia _eJournal article 210 1# _aKemerovo _cKemerovo State University _d2026 215 ## _a11 с. 608 ## _aJournal article _2local 675 ## _aСельское хозяйство. Лесное хозяйство. Охота. Рыбное хозяйство. 63 _zRUS 700 #1 _aKishilova _gSvetlana A. 700 #1 _aLeonova _gVictoria A. 700 #1 _aMitrova _gVera A. 700 #1 _aSemenova _gVictoria A. 700 #1 _aPryanichnikova _gNataliya S. 700 #1 _aSemipyatniy _gVladislav K. 700 #1 _aRozhkova _gIrina V. 700 #1 _aGalstyan _gAram G. 856 4# _ajcenter.kemsu.ru _u